| 000 | 00511nam a22001697a 4500 | ||
|---|---|---|---|
| 999 |
_c8442 _d8442 |
||
| 008 | 201124b ||||| |||| 00| 0 eng d | ||
| 040 | _aBMS College of Architecture | ||
| 100 | _aM R, Prakash Harswanth | ||
| 245 | _aCentre for homeless people | ||
| 300 | _a40p. | ||
| 500 | _a1BM14AT037 | ||
| 502 |
_8B,Arch _NBMS College of Architecture, Visvesvaraya Technological University _aProject report _d2018 |
||
| 650 | _aPeople | ||
| 700 |
_aAnand H M _eGuide |
||
| 700 |
_aKoshy P Koshy _eGuide |
||
| 942 |
_2ddc _cTHE |
||